| 000 | 00450nam a22001217a 4500 | ||
|---|---|---|---|
| 005 | 20260206133029.0 | ||
| 100 | _aChen, Yuwei; Xia, Yumin | ||
| 245 | _a Novel Nanoparticles and Their Enhanced Polymer Composites | ||
| 260 |
_bMDPI - Multidisciplinary Digital Publishing Institute _c2024 |
||
| 300 | _a162p. | ||
| 856 | _uhttps://mdpi-res.com/bookfiles/book/9000/Novel_Nanoparticles_and_Their_Enhanced_Polymer_Composites.pdf?v=1770343765 | ||
| 942 | _cEB | ||
| 999 |
_c75802 _d75802 |
||